000 00460nam a2200181Ia 4500
001 3185
005 20260306144902.0
008 260306t2013||||xx |||||||||||||| ||spa||
041 _aESP
082 _a261.8
_bP44
100 _aPérez Sánchez, Pablo
_eAUT
245 0 _aEl principio de subsidiariedad:
_bsu función en el orden social
260 _c2013
300 _a170 páginas :
_c23 cm.
650 _aGEN
654 _aCHU
942 _cLIB
_dJUS
_fJUS
_2ddc
_n
999 _c3185
_d3185